[Event "DEN-chT XtraCon 2018-19"]
[Site "Denmark"]
[Date "2019.01.13"]
[Round "6"]
[White "Teplyi, Igor"]
[Black "Thybo, Jesper Sondergaard"]
[Result "1/2-1/2"]
[WhiteElo "2410"]
[BlackElo "2515"]
[Annotator "TA"]
[PlyCount "36"]
[EventDate "2018.10.27"]
[EventType "team-tourn"]
[EventCountry "DEN"]
[SourceTitle "playchess.com"]
[Source "ChessBase"]
[SourceQuality "1"]

{[%evp 23,36,0,27,6,15,9,51,26,31,29,41,28,68,42,63]} 1. c4 c5 2. Nf3 Nf6 3. Nc3 d5 4. cxd5 Nxd5 5. d4 Nxc3 6. bxc3 g6 7. e4 Bg7 8. h3 O-O 9. Be2 b6 10. Be3 {D85: Exchange Grünfeld: Unusual White 7th moves and lines with 7 Nf3} Bb7 11. Qd3 e6 (11... cxd4 12. cxd4 Ba6 13. Qc2 Qd7 14. Bxa6 Nxa6 15. O-O Rac8 16. Qb3 Qb7 17. Rfe1 Nc7 {0-1 (62) Bluebaum,M (2633)-Ragger,M (2672) Brest 2018}) 12. O-O Nd7 {[%cal Bb8d7,Bd7c5,Bc5e4][%mdl 32] LiveBook: 3 Games} 13. Rfd1 Rc8 14. a4 $146 ({Predecessor:} 14. Rac1 Qc7 15. Qb1 h6 16. Bc4 Nf6 17. Bd3 Rfd8 {1-0 (65) Mertanen,J (2241)-Akesson,R (2440) Stockholm 2002}) 14... a6 15. Rab1 {dxc5 is the strong threat.} Qc7 16. d5 {Threatens to win with dxe6.} c4 17. Qc2 {aiming for dxe6.} Nc5 18. Bxc4 Nxe4 $1 1/2-1/2

[Event "DEN-chT XtraCon 2018-19"]
[Site "Denmark"]
[Date "2019.01.13"]
[Round "6"]
[White "Zude, Erik, Dr."]
[Black "Firooznia, Farzam"]
[Result "1-0"]
[WhiteElo "2399"]
[BlackElo "2101"]
[Annotator "NA"]
[PlyCount "83"]
[EventDate "2018.10.27"]
[EventType "team-tourn"]
[EventCountry "DEN"]
[SourceTitle "playchess.com"]
[Source "ChessBase"]
[SourceQuality "1"]
[TimeControl "40/5400+30:1800+30"]

1. c4 {[%emt 0:00:00]} c5 {[%emt 0:00:00]} 2. Nf3 {[%emt 0:00:54]} Nc6 {[%emt 0:00:15]} 3. Nc3 {[%emt 0:00:57]} g6 {[%emt 0:00:07]} 4. e3 {[%emt 0:00:25]} Bg7 {[%emt 0:02:31]} 5. d4 {[%emt 0:00:26]} cxd4 {[%emt 0:02:22]} 6. exd4 {[%emt 0:00:27]} d6 {[%emt 0:00:45]} 7. d5 {[%emt 0:04:24]} Ne5 {[%emt 0:02:20]} 8. Nxe5 {[%emt 0:00:12]} Bxe5 {[%emt 0:00:20]} 9. Be2 {[%emt 0:00:49]} Bg7 {[%emt 0:02:35]} 10. O-O {[%emt 0:02:52]} Nf6 {[%emt 0:03:18]} 11. Be3 {[%emt 0:01:07]} O-O {[%emt 0:01:03]} 12. Bd4 {[%emt 0:01:42]} Re8 {[%emt 0:08:05]} 13. Qd2 {[%emt 0:04:01]} Bf5 {[%emt 0:06:23]} 14. Rfe1 {[%emt 0:02:20]} h5 {[%emt 0:02:59]} 15. h3 {[%emt 0:03:54]} Qa5 {[%emt 0:04:26]} 16. Rad1 {[%emt 0:10:40]} Ne4 {[%emt 0:03:46]} 17. Nxe4 {[%emt 0:03:11]} Qxd2 {[%emt 0:01:15]} 18. Rxd2 {[%emt 0:00:52]} Bxe4 {[%emt 0:00:37]} 19. Bxg7 {[%emt 0:01:40]} Kxg7 {[%emt 0:00:25]} 20. Bxh5 {[%emt 0:01:02]} Bxg2 {[%emt 0:04:33]} 21. Bg4 {[%emt 0:01:09]} f5 {[%emt 0:00:46]} 22. Kxg2 {[%emt 0:00:51]} fxg4 {[%emt 0:00:07]} 23. hxg4 {[%emt 0:00:18]} Rac8 {[%emt 0:01:08]} 24. Re4 {[%emt 0:04:13]} Rc7 {[%emt 0:02:31]} 25. Rde2 {[%emt 0:00:45]} g5 {[%emt 0:01:01]} 26. b3 {[%emt 0:01:31]} Kf7 {[%emt 0:04:27]} 27. R2e3 {[%emt 0:01:02]} Rf8 {[%emt 0:01:33]} 28. Re6 {[%emt 0:01:43]} a6 {[%emt 0:01:39]} 29. Rh3 {[%emt 0:18:41]} Rg8 {[%emt 0:01:58]} 30. a4 {[%emt 0:02:04]} Rg7 {[%emt 0:01:50]} 31. Rh8 {[%emt 0:05:22]} b5 {[%emt 0:00:38]} 32. cxb5 {[%emt 0:00:16]} axb5 {[%emt 0:00:20]} 33. a5 {[%emt 0:02:48]} b4 {[%emt 0:01:35]} 34. Rb8 {[%emt 0:01:00]} Ra7 {[%emt 0:08:00]} 35. Rb5 {[%emt 0:00:53]} Rg8 {[%emt 0:01:25]} 36. Rxb4 {[%emt 0:04:08]} Rxa5 {[%emt 0:04:31]} 37. Rb7 {[%emt 0:00:55]} Rxd5 {[%emt 0:02:11]} 38. Rbxe7+ {[%emt 0:02:21]} Kf8 {[%emt 0:00:03]} 39. Rd7 {[%emt 0:01:42]} Rd3 {[%emt 0:02:18]} 40. Rexd6 {[%emt 0:01:27]} Rxb3 {[%emt 0:00:31]} 41. Rd8+ {[%emt 0:30:19]} Kg7 {[%emt 0:30:19]} 42. Rxg8+ {[%emt 0:00:18]} 1-0

[Event "DEN-chT XtraCon 2018-19"]
[Site "Denmark"]
[Date "2019.01.13"]
[Round "6"]
[White "Sorensen, Jan"]
[Black "Jaksland, Tim"]
[Result "1-0"]
[WhiteElo "2395"]
[BlackElo "2264"]
[Annotator "NA"]
[PlyCount "83"]
[EventDate "2018.10.27"]
[EventType "team-tourn"]
[EventCountry "DEN"]
[SourceTitle "playchess.com"]
[Source "ChessBase"]
[SourceQuality "1"]
[TimeControl "40/5400+30:1800+30"]

1. e4 {[%emt 0:00:00]} c5 {[%emt 0:00:00]} 2. Nf3 {[%emt 0:00:00]} e6 {[%emt 0:00:00]} 3. d4 {[%emt 0:00:00]} cxd4 {[%emt 0:00:03]} 4. Nxd4 {[%emt 0:00:01]} Nc6 {[%emt 0:00:12]} 5. Nc3 {[%emt 0:00:26]} Qc7 {[%emt 0:00:08]} 6. Qd3 {[%emt 0:02:24]} Nxd4 {[%emt 0:02:21]} 7. Qxd4 {[%emt 0:01:33]} a6 {[%emt 0:00:06]} 8. Be3 {[%emt 0:02:07]} b5 {[%emt 0:00:56]} 9. a4 {[%emt 0:04:49]} b4 {[%emt 0:07:38]} 10. Na2 {[%emt 0:00:44]} Rb8 {[%emt 0:09:34]} 11. Qa7 {[%emt 0:06:12]} Qxa7 {[%emt 0:14:09]} 12. Bxa7 {[%emt 0:00:10]} Ra8 {[%emt 0:00:05]} 13. Bd4 {[%emt 0:00:24]} Bb7 {[%emt 0:02:53]} 14. f3 {[%emt 0:01:15]} Nf6 {[%emt 0:02:52]} 15. Nc1 {[%emt 0:13:09]} Rc8 {[%emt 0:31:04]} 16. Kd2 {[%emt 0:03:30]} d5 {[%emt 0:04:00]} 17. e5 {[%emt 0:06:49]} Nd7 {[%emt 0:00:06]} 18. Nb3 {[%emt 0:00:15]} Bc5 {[%emt 0:09:08]} 19. Nxc5 {[%emt 0:06:29]} Nxc5 {[%emt 0:00:07]} 20. a5 {[%emt 0:00:23]} Ke7 {[%emt 0:02:03]} 21. h4 {[%emt 0:08:47]} Rc7 {[%emt 0:01:24]} 22. h5 {[%emt 0:01:05]} h6 {[%emt 0:00:51]} 23. Rh4 {[%emt 0:01:43]} Rhc8 {[%emt 0:02:33]} 24. Rg4 {[%emt 0:05:38]} Kf8 {[%emt 0:00:10]} 25. Be2 {[%emt 0:00:23]} Nd7 {[%emt 0:05:00]} 26. Bd3 {[%emt 0:00:33]} Nb8 {[%emt 0:00:40]} 27. f4 {[%emt 0:02:43]} Nc6 {[%emt 0:00:58]} 28. Bc5+ {[%emt 0:03:38]} Kg8 {[%emt 0:00:05]} 29. Bd6 {[%emt 0:00:20]} Rd7 {[%emt 0:00:46]} 30. f5 {[%emt 0:06:39]} Kh8 {[%emt 0:00:02]} 31. fxe6 {[%emt 0:00:35]} fxe6 {[%emt 0:00:01]} 32. Rf1 {[%emt 0:01:38]} Nxa5 {[%emt 0:00:52]} 33. b3 {[%emt 0:01:32]} Nc6 {[%emt 0:00:19]} 34. Rg6 {[%emt 0:00:35]} Nd4 {[%emt 0:01:22]} 35. Bxb4 {[%emt 0:04:44]} Kg8 {[%emt 0:02:11]} 36. Rg4 {[%emt 0:02:54]} Nc6 {[%emt 0:00:22]} 37. Bd6 {[%emt 0:00:05]} Re8 {[%emt 0:00:48]} 38. Rgf4 {[%emt 0:01:24]} Ne7 {[%emt 0:01:17]} 39. g4 {[%emt 0:06:19]} Bc8 {[%emt 0:00:10]} 40. b4 {[%emt 0:03:47]} Bb7 {[%emt 0:00:19]} 41. Rf7 {[%emt 0:33:47]} d4 {[%emt 0:08:49]} 42. Bc4 {[%emt 0:00:00]} 1-0

[Event "DEN-chT XtraCon 2018-19"]
[Site "Denmark"]
[Date "2019.01.13"]
[Round "6"]
[White "Pedersen, Nicolai Vesterbaek"]
[Black "Schmidt, Kristen"]
[Result "1-0"]
[WhiteElo "2392"]
[BlackElo "2230"]
[Annotator "NA"]
[PlyCount "45"]
[EventDate "2018.10.27"]
[EventType "team-tourn"]
[EventCountry "DEN"]
[SourceTitle "playchess.com"]
[Source "ChessBase"]
[SourceQuality "1"]
[TimeControl "40/5400+30:1800+30"]

1. d4 {[%emt 0:00:00]} Nf6 {[%emt 0:00:00]} 2. c4 {[%emt 0:00:32]} g6 {[%emt 0:00:07]} 3. Nc3 {[%emt 0:00:26]} Bg7 {[%emt 0:00:07]} 4. e4 {[%emt 0:01:15]} d6 {[%emt 0:00:06]} 5. f3 {[%emt 0:01:46]} O-O {[%emt 0:00:10]} 6. Nge2 {[%emt 0:01:08]} c5 {[%emt 0:01:20]} 7. d5 {[%emt 0:02:38]} e6 {[%emt 0:01:33]} 8. Ng3 {[%emt 0:00:42]} exd5 {[%emt 0:01:23]} 9. cxd5 {[%emt 0:00:23]} Nbd7 {[%emt 0:04:36]} 10. Be2 {[%emt 0:02:53]} h5 {[%emt 0:02:13]} 11. Bg5 {[%emt 0:03:40]} Qb6 {[%emt 0:03:31]} 12. Qd2 {[%emt 0:01:54]} Nh7 {[%emt 0:02:55]} 13. Bh4 {[%emt 0:02:46]} Ne5 {[%emt 0:08:37]} 14. O-O {[%emt 0:06:46]} Re8 {[%emt 0:07:05]} 15. h3 {[%emt 0:13:56]} Qb4 {[%emt 0:08:56]} 16. f4 {[%emt 0:15:11]} Nc4 {[%emt 0:04:20]} 17. Bxc4 {[%emt 0:01:38]} Qxc4 {[%emt 0:00:05]} 18. Kh1 {[%emt 0:01:40]} Bd7 {[%emt 0:03:21]} 19. f5 {[%emt 0:08:33]} Qd4 {[%emt 0:02:50]} 20. Qf4 {[%emt 0:03:26]} Qe5 {[%emt 0:00:39]} 21. fxg6 {[%emt 0:00:36]} fxg6 {[%emt 0:02:18]} 22. Qf7+ {[%emt 0:00:29]} Kh8 {[%emt 0:00:06]} 23. Qxd7 {[%emt 0:00:25]} 1-0

[Event "DEN-chT XtraCon 2018-19"]
[Site "Denmark"]
[Date "2019.01.13"]
[Round "6"]
[White "Hoi, Carsten"]
[Black "Jacobsen, Mikkel Manosri"]
[Result "1-0"]
[WhiteElo "2374"]
[BlackElo "2319"]
[Annotator "NA"]
[PlyCount "37"]
[EventDate "2018.10.27"]
[EventType "team-tourn"]
[EventCountry "DEN"]
[SourceTitle "playchess.com"]
[Source "ChessBase"]
[SourceQuality "1"]
[TimeControl "40/5400+30:1800+30"]

1. Nf3 {[%emt 0:00:00]} c5 {[%emt 0:00:00]} 2. c4 {[%emt 0:00:19]} Nc6 {[%emt 0:00:00]} 3. e3 {[%emt 0:00:39]} Nf6 {[%emt 0:00:16]} 4. d4 {[%emt 0:00:33]} cxd4 {[%emt 0:00:23]} 5. exd4 {[%emt 0:00:31]} d5 {[%emt 0:00:07]} 6. Nc3 {[%emt 0:00:44]} Bg4 {[%emt 0:00:06]} 7. Be3 {[%emt 0:06:06]} g6 {[%emt 0:02:47]} 8. h3 {[%emt 0:03:18]} Be6 {[%emt 0:02:33]} 9. Ng5 {[%emt 0:08:18]} Bc8 {[%emt 0:02:03]} 10. cxd5 {[%emt 0:06:29]} Nxd5 {[%emt 0:04:55]} 11. Qf3 {[%emt 0:02:22]} Nf6 {[%emt 0:01:14]} 12. Bc4 {[%emt 0:01:45]} e6 {[%emt 0:00:56]} 13. O-O-O {[%emt 0:12:59]} Be7 {[%emt 0:12:35]} 14. d5 {[%emt 0:02:36]} Ne5 {[%emt 0:05:45]} 15. Bb5+ {[%emt 0:11:00]} Nfd7 {[%emt 0:12:39]} 16. Qg3 {[%emt 0:05:43]} Bxg5 {[%emt 0:09:42]} 17. Bxg5 {[%emt 0:02:24]} Qc7 {[%emt 0:00:26]} 18. Bf4 {[%emt 0:03:20]} O-O {[%emt 0:00:52]} 19. Bxd7 {[%emt 0:00:34]} 1-0

[Event "DEN-chT XtraCon 2018-19"]
[Site "Denmark"]
[Date "2019.01.13"]
[Round "6"]
[White "Rostgaard, Tobias Valentin"]
[Black "Hillarp Persson, Tiger"]
[Result "1-0"]
[WhiteElo "2374"]
[BlackElo "2549"]
[Annotator "TA"]
[PlyCount "75"]
[EventDate "2018.10.27"]
[EventType "team-tourn"]
[EventCountry "DEN"]
[SourceTitle "playchess.com"]
[Source "ChessBase"]
[SourceQuality "1"]

{[%evp 19,75,0,0,0,0,0,0,0,0,0,-10,-33,-4,-14,-8,-4,-6,-2,0,-4,-1,-11,-18,-21,-6,-28,-27,-33,-24,-57,-50,-57,-58,-42,-51,-42,-16,-54,-5,-51,85,81,127,104,185,203,180,200,200,200,196,180,229,227,202,189,606,597]} 1. e4 c6 2. d4 d5 3. exd5 cxd5 4. c4 Nf6 5. Nc3 Nc6 6. Nf3 Be6 7. c5 g6 8. Be2 {B13: Caro-Kann: Exchange Variation and Panov-Botvinnik Attack} (8. Bb5 Bg7 9. O-O O-O 10. h3 Ne4 11. Re1 Nxc3 12. bxc3 Bd7 13. Bf4 Na5 14. a4 b6 15. Ne5 Be8 16. c6 Bxe5 17. dxe5 Bxc6 18. Bh6 Bxb5 19. Bxf8 Qxf8 20. axb5 e6 21. Ra4 {½-½ (21) Kislinsky,A (2513)-Turov,M (2618) Groningen 2017}) 8... Bg7 9. O-O O-O 10. Be3 Ne4 {LiveBook: 6 Games} 11. Qc1 Bg4 12. Rd1 $146 ({Predecessor:} 12. h3 Nxc3 13. bxc3 Bxf3 14. Bxf3 e5 15. dxe5 Nxe5 16. Qd1 Nxf3+ 17. Qxf3 Bxc3 {1-0 (53) Certek,P (2264)-Bargel,M (2119) Tatranske Zruby 2015}) 12... e6 13. h3 Bxf3 14. Bxf3 f5 15. Ne2 Qe7 16. Rb1 {[%cal Ba1b1,Bb1b2,Bb2d2][%mdl 32]} a5 17. b3 Rad8 18. a3 e5 {Threatens to win with ...f4.} 19. Bxe4 fxe4 20. Rb2 exd4 21. Nxd4 Ne5 22. Rbd2 g5 23. Rc2 Nd3 24. Rxd3 exd3 25. Rd2 Qe4 26. Qc3 g4 27. hxg4 Qxg4 28. Qxd3 Rf6 29. Qe2 (29. f3 $5 {[%cal Rf3g4]} Qg3 30. Re2 $15) 29... Qe4 (29... Qxe2 $15 {stays ahead.} 30. Rxe2 Re8) 30. Bg5 $16 Re8 31. Qxe4 dxe4 (31... Rxe4 $16 32. Bxf6 Bxf6) 32. Bxf6 $18 Bxf6 $16 {[%mdl 4096] Endgame KRB-KRN} 33. Nf5 $1 Re5 {[#]} 34. Nh6+ $1 Kg7 35. Ng4 Rxc5 36. Rd7+ {[%mdl 64] Double Attack} Kg6 {[#]} 37. Rd6 $1 ({Not} 37. Rxb7 Bd4 $14) 37... Rc6 $2 (37... Rf5 38. Ne3 (38. Nxf6 Rxf6 39. Rd5 Rf5 $11) 38... Rb5) 38. Ne5+ $1 {[%mdl 64] Double Attack. Accuracy: White = 66%, Black = 53%.} 1-0

[Event "DEN-chT XtraCon 2018-19"]
[Site "Denmark"]
[Date "2019.01.13"]
[Round "6"]
[White "Borge, Nikolaj"]
[Black "Skytte, Rasmus"]
[Result "1-0"]
[WhiteElo "2370"]
[BlackElo "2382"]
[Annotator "NA"]
[PlyCount "85"]
[EventDate "2018.10.27"]
[EventType "team-tourn"]
[EventCountry "DEN"]
[SourceTitle "playchess.com"]
[Source "ChessBase"]
[SourceQuality "1"]
[TimeControl "40/5400+30:1800+30"]

1. e4 {[%emt 0:00:00]} g6 {[%emt 0:01:12]} 2. Nc3 {[%emt 0:00:17]} Bg7 {[%emt 0:00:23]} 3. d4 {[%emt 0:00:05]} d6 {[%emt 0:00:14]} 4. Be3 {[%emt 0:02:34]} a6 {[%emt 0:00:38]} 5. Qd2 {[%emt 0:10:29]} b5 {[%emt 0:02:19]} 6. f3 {[%emt 0:00:59]} c6 {[%emt 0:02:47]} 7. g4 {[%emt 0:07:24]} Nd7 {[%emt 0:02:57]} 8. Nge2 {[%emt 0:12:08]} Nb6 {[%emt 0:03:54]} 9. b3 {[%emt 0:00:14]} Qc7 {[%emt 0:03:44]} 10. h4 {[%emt 0:14:12]} h6 {[%emt 0:04:06]} 11. a4 {[%emt 0:03:10]} b4 {[%emt 0:03:06]} 12. Nd1 {[%emt 0:07:01]} a5 {[%emt 0:09:10]} 13. Rc1 {[%emt 0:10:36]} Nf6 {[%emt 0:02:27]} 14. h5 {[%emt 0:04:05]} g5 {[%emt 0:05:48]} 15. Ng3 {[%emt 0:00:33]} e6 {[%emt 0:02:42]} 16. Bd3 {[%emt 0:06:55]} Nbd7 {[%emt 0:14:00]} 17. Nf2 {[%emt 0:01:49]} c5 {[%emt 0:00:48]} 18. c3 {[%emt 0:07:32]} bxc3 {[%emt 0:08:48]} 19. Qxc3 {[%emt 0:01:40]} Qb8 {[%emt 0:03:03]} 20. dxc5 {[%emt 0:04:20]} dxc5 {[%emt 0:04:03]} 21. Bxc5 {[%emt 0:01:24]} Qxg3 {[%emt 0:04:04]} 22. Ba3 {[%emt 0:00:23]} Bb7 {[%emt 0:09:20]} 23. Bb5 {[%emt 0:01:17]} Rd8 {[%emt 0:06:04]} 24. Qc7 {[%emt 0:00:52]} Qxf3 {[%emt 0:03:00]} 25. Rh3 {[%emt 0:00:55]} Qg2 {[%emt 0:01:59]} 26. Qxb7 {[%emt 0:00:52]} Bf8 {[%emt 0:00:50]} 27. Bxf8 {[%emt 0:00:49]} Kxf8 {[%emt 0:00:49]} 28. Bf1 {[%emt 0:00:41]} Qg1 {[%emt 0:00:37]} 29. Qc7 {[%emt 0:00:05]} Kg7 {[%emt 0:00:59]} 30. Rh1 {[%emt 0:00:18]} Qxh1 {[%emt 0:00:36]} 31. Nxh1 {[%emt 0:00:01]} Nxe4 {[%emt 0:00:22]} 32. Rd1 {[%emt 0:00:11]} Nef6 {[%emt 0:00:08]} 33. Bb5 {[%emt 0:00:08]} Rc8 {[%emt 0:00:04]} 34. Qxa5 {[%emt 0:00:41]} Nc5 {[%emt 0:00:51]} 35. Nf2 {[%emt 0:00:17]} Nxb3 {[%emt 0:00:15]} 36. Qb4 {[%emt 0:00:13]} Nc5 {[%emt 0:00:23]} 37. Qb2 {[%emt 0:00:09]} Rb8 {[%emt 0:00:58]} 38. Rc1 {[%emt 0:00:36]} Nxa4 {[%emt 0:00:21]} 39. Qe5 {[%emt 0:00:09]} Nb6 {[%emt 0:00:39]} 40. Ne4 {[%emt 0:00:37]} Nbd5 {[%emt 0:00:13]} 41. Rc5 {[%emt 0:30:24]} Rb6 {[%emt 0:30:41]} 42. Bc6 {[%emt 0:03:13]} Rd8 {[%emt 0:00:00]} 43. Rxd5 {[%emt 0:00:00]} 1-0

[Event "DEN-chT XtraCon 2018-19"]
[Site "Denmark"]
[Date "2019.01.13"]
[Round "6"]
[White "Hagen, Andreas Skytte"]
[Black "Schandorff, Lars"]
[Result "1/2-1/2"]
[WhiteElo "2369"]
[BlackElo "2489"]
[Annotator "TA"]
[PlyCount "54"]
[EventDate "2018.10.27"]
[EventType "team-tourn"]
[EventCountry "DEN"]
[SourceTitle "playchess.com"]
[Source "ChessBase"]
[SourceQuality "1"]

{[%evp 33,54,27,39,0,16,6,58,50,37,32,24,24,24,22,38,25,52,0,0,-7,12,0,0]} 1. e4 e5 2. Nf3 Nc6 3. Bb5 {[%cal Bf1b5,Bb5a4,Ba4b3][%mdl 32]} a6 4. Ba4 Nf6 5. O-O Be7 6. Re1 b5 7. Bb3 d6 8. c3 O-O 9. h3 Na5 10. Bc2 c5 11. d4 Qc7 12. Nbd2 {[%cal Bb1d2,Bd2f1,Bf1e3][%mdl 32]} Bd7 13. Nf1 Rfe8 14. b3 cxd4 15. cxd4 Rac8 16. Ne3 Nc6 17. Bb2 {C99: Closed Ruy Lopez: Chigorin Defence: 11 d4 Qc7 12 Nbd2 cxd4} Bf8 {LiveBook: 13 Games} (17... Bd8 18. Rc1 Qa7 19. Nd5 h6 20. dxe5 dxe5 21. Bb1 Nh7 22. Qd3 {½-½ (22) Lutz,C (2645)-Piket,J (2646) Germany 2003}) 18. dxe5 dxe5 19. Rc1 {[%cal Ba1c1,Bc1c2,Bc2d2][%mdl 32]} Qd8 ({Black should play} 19... Be6 $11) 20. Bb1 $14 g6 21. Qe2 $146 ({Predecessor:} 21. Nd5 Bg7 22. Rc2 Nxd5 23. exd5 Nd4 24. Nxd4 exd4 25. Rxe8+ Bxe8 26. Rxc8 Qxc8 {½-½ (49) Juarez de Vena,A (1913)-Garcia Rodriguez,I (2038) ICCF email 2011}) 21... Bg7 22. Red1 Qb6 23. Rc2 Rcd8 24. Rcd2 Qb8 25. a3 (25. Qe1 $14) 25... Be6 $11 {The position is equal.} 26. b4 Rxd2 27. Rxd2 Nd7 {Accuracy: White = 60%, Black = 55%.} 1/2-1/2

[Event "DEN-chT XtraCon 2018-19"]
[Site "Denmark"]
[Date "2019.01.13"]
[Round "6"]
[White "Christensen, Tobias"]
[Black "Pedersen, Jan"]
[Result "1/2-1/2"]
[WhiteElo "2351"]
[BlackElo "2388"]
[Annotator "TA"]
[PlyCount "21"]
[EventDate "2018.10.27"]
[EventType "team-tourn"]
[EventCountry "DEN"]
[SourceTitle "playchess.com"]
[Source "ChessBase"]
[SourceQuality "1"]

{[%evp 15,21,14,20,-31,-11,-14,-15,-28]} 1. d4 d5 2. Bf4 Nf6 3. e3 c5 4. Nc3 cxd4 5. exd4 a6 6. Nf3 {B13: Caro-Kann: Exchange Variation and Panov-Botvinnik Attack} Bg4 7. h3 Bxf3 8. Qxf3 e6 {LiveBook: 6 Games} 9. Be5 $146 (9. g4 $11) ({Predecessor:} 9. g4 Nc6 10. O-O-O Qa5 11. g5 Nd7 12. Kb1 Rc8 13. h4 {1-0 (43) Nabaty,T (2622)-Navara,D (2745) Pardubice 2016}) 9... Nc6 10. Bxf6 Qxf6 11. Qxf6 1/2-1/2

[Event "DEN-chT XtraCon 2018-19"]
[Site "Denmark"]
[Date "2019.01.13"]
[Round "6"]
[White "Jensen, Bjarke"]
[Black "Rewitz, Poul"]
[Result "1/2-1/2"]
[WhiteElo "2322"]
[BlackElo "2233"]
[Annotator "NA"]
[PlyCount "130"]
[EventDate "2018.10.27"]
[EventType "team-tourn"]
[EventCountry "DEN"]
[SourceTitle "playchess.com"]
[Source "ChessBase"]
[SourceQuality "1"]
[TimeControl "40/5400+30:1800+30"]

1. e4 {[%emt 0:00:00]} c5 {[%emt 0:01:53]} 2. Nf3 {[%emt 0:00:00]} Nc6 {[%emt 0:00:19]} 3. d4 {[%emt 0:00:12]} cxd4 {[%emt 0:00:08]} 4. Nxd4 {[%emt 0:00:01]} Nf6 {[%emt 0:00:15]} 5. Nc3 {[%emt 0:00:06]} e5 {[%emt 0:00:11]} 6. Ndb5 {[%emt 0:00:46]} d6 {[%emt 0:00:18]} 7. Bg5 {[%emt 0:00:31]} a6 {[%emt 0:00:22]} 8. Na3 {[%emt 0:00:02]} b5 {[%emt 0:00:08]} 9. Nd5 {[%emt 0:04:20]} Be7 {[%emt 0:00:59]} 10. Bxf6 {[%emt 0:00:06]} Bxf6 {[%emt 0:00:08]} 11. c3 {[%emt 0:00:23]} Bg5 {[%emt 0:01:20]} 12. Nc2 {[%emt 0:01:54]} Rb8 {[%emt 0:00:34]} 13. g3 {[%emt 0:13:05]} O-O {[%emt 0:06:11]} 14. Bg2 {[%emt 0:04:27]} Be6 {[%emt 0:01:09]} 15. O-O {[%emt 0:00:45]} Qd7 {[%emt 0:00:52]} 16. f4 {[%emt 0:03:19]} Bh6 {[%emt 0:29:45]} 17. Nde3 {[%emt 0:19:18]} Ne7 {[%emt 0:07:22]} 18. f5 {[%emt 0:07:16]} Bc4 {[%emt 0:01:22]} 19. Rf2 {[%emt 0:00:45]} f6 {[%emt 0:11:25]} 20. Ng4 {[%emt 0:01:09]} Kh8 {[%emt 0:01:25]} 21. Nxh6 {[%emt 0:03:19]} gxh6 {[%emt 0:00:08]} 22. Qd2 {[%emt 0:03:59]} Ng8 {[%emt 0:01:13]} 23. Qe3 {[%emt 0:04:00]} Rfd8 {[%emt 0:02:48]} 24. Rd2 {[%emt 0:05:12]} Qc7 {[%emt 0:04:11]} 25. Bf3 {[%emt 0:02:42]} Bf7 {[%emt 0:04:38]} 26. Kf2 {[%emt 0:07:30]} Kg7 {[%emt 0:01:32]} 27. Nb4 {[%emt 0:05:48]} Qb6 {[%emt 0:01:34]} 28. Bd1 {[%emt 0:10:49]} a5 {[%emt 0:04:42]} 29. Qxb6 {[%emt 0:00:25]} Rxb6 {[%emt 0:00:12]} 30. Nd3 {[%emt 0:00:15]} d5 {[%emt 0:00:54]} 31. Nc5 {[%emt 0:00:46]} Rc8 {[%emt 0:02:14]} 32. b4 {[%emt 0:00:16]} Ne7 {[%emt 0:02:28]} 33. Bf3 {[%emt 0:00:54]} axb4 {[%emt 0:06:07]} 34. cxb4 {[%emt 0:00:11]} d4 {[%emt 0:00:28]} 35. Be2 {[%emt 0:01:14]} Ra8 {[%emt 0:00:38]} 36. Rc1 {[%emt 0:00:56]} Rxa2 {[%emt 0:03:21]} 37. Rxa2 {[%emt 0:00:16]} Bxa2 {[%emt 0:00:06]} 38. Ra1 {[%emt 0:00:04]} Bf7 {[%emt 0:00:24]} 39. Ra7 {[%emt 0:00:13]} Nc6 {[%emt 0:00:51]} 40. Rc7 {[%emt 0:01:33]} Nd8 {[%emt 0:03:10]} 41. Ne6+ {[%emt 0:07:21]} Rxe6 {[%emt 0:04:59]} 42. fxe6 {[%emt 0:00:57]} Nxe6 {[%emt 0:00:06]} 43. Rb7 {[%emt 0:00:48]} Ng5 {[%emt 0:00:35]} 44. Bd3 {[%emt 0:00:34]} f5 {[%emt 0:01:27]} 45. exf5 {[%emt 0:01:02]} e4 {[%emt 0:00:35]} 46. Bxb5 {[%emt 0:02:06]} Kf6 {[%emt 0:01:37]} 47. h4 {[%emt 0:03:07]} e3+ {[%emt 0:03:48]} 48. Kf1 {[%emt 0:01:20]} Ne4 {[%emt 0:01:37]} 49. g4 {[%emt 0:03:05]} Nd6 {[%emt 0:05:42]} 50. Rb6 {[%emt 0:01:49]} Ke5 {[%emt 0:00:17]} 51. Bd3 {[%emt 0:01:29]} Ne4 {[%emt 0:07:46]} 52. Rxh6 {[%emt 0:08:10]} Bd5 {[%emt 0:03:54]} 53. Rxh7 {[%emt 0:02:33]} Nf2 {[%emt 0:00:13]} 54. Be2 {[%emt 0:02:44]} d3 {[%emt 0:00:26]} 55. Re7+ {[%emt 0:00:32]} Kf4 {[%emt 0:00:43]} 56. Bxd3 {[%emt 0:00:35]} Nxd3 {[%emt 0:00:07]} 57. f6 {[%emt 0:00:54]} Bc4 {[%emt 0:00:55]} 58. g5 {[%emt 0:00:29]} Ne5+ {[%emt 0:02:39]} 59. Ke1 {[%emt 0:00:30]} Nf3+ {[%emt 0:00:34]} 60. Kd1 {[%emt 0:00:02]} Bb3+ {[%emt 0:00:15]} 61. Kc1 {[%emt 0:00:05]} Ne5 {[%emt 0:00:21]} 62. b5 {[%emt 0:01:11]} Nd3+ {[%emt 0:00:49]} 63. Kb1 {[%emt 0:00:02]} Ne5 {[%emt 0:00:11]} 64. Kc1 {[%emt 0:00:37]} Nd3+ {[%emt 0:00:05]} 65. Kb1 {[%emt 0:00:04]} Ne5 {[%emt 0:00:07]} 1/2-1/2